Biblioteca ESET

Girando se encuentra el sol (Registro nro. 1294)

Detalles MARC
000 -CABECERA
fixed length control field 00666nam a22002177a 4500
003 - CONTROL NUMBER IDENTIFIER
control field AR-BeUNQ
005 - FECHA Y HORA DE LA ULTIMA TRANSACCION
control field 20251209125810.0
008 - ELEMENTOS DE LONGITUD FIJA-INFORMACION GENERAL
fixed length control field 250602b |||||||| |||| 00| 0 spa d
040 ## - FUENTE DE CATALOGACION
Agencia de catalogación original AR-BeUNQ
Idioma de catalogación ESPAÑOL
Agencia que realiza la transcripción AR-BeUNQ
Convenciones de la descripción aacr
082 ## - NUMERO DE CLASIFICACION DECIMAL DEWEYMBER
Número de la edición 21
Número de clasificación A862 CAM
100 ## - ASIENTO PRINCIPAL-NOMBRE PERSONAL
Nombre personal Campanaro, Gisela
Títulos u otras palabras asociadas al nombre autor.
Fecha asociada al nombre 2014
Término relacionador aut.
245 ## - MENCION DE TITULO
Título Girando se encuentra el sol
Mención de responsabilidad, etc Gisela Campanaro
Medio físico libro
250 ## - MENCION DE EDICION
Mención de edición 1a.ed
260 ## - PUBLICACION, DISTRIBUCION, ETC.
Lugar de publicación, distribución, etc. La Plata :
Nombre del editor, distribuidor, etc. Malisia,
Fecha de publicación, distribución, etc 2015
300 ## - DESCRIPCION FISICA
Extensión 86 p. :
Dimensiones 20x14 cm
500 ## - NOTA GENERAL
Nota general Dramturgia
650 ## - ASIENTO SECUNDARIO DE MATERIA - TERMINO TEMATICO
Fuente del encabezamiento o términ tell
Término temático o nombre geográfico como elemento de entrada Teatro
651 ## - ASIENTO SECUNDARIO DE MATERIA - NOMBRE GEOGRAFICO
Fuente del encabezamiento o término unescot
Nombre geográfico Argentina
929 10 - DATOS DE ADQUISICION
Procedencia DONACION
Proveedor Ministerio de Educaciòn de la Nacion
Orden de compra 0
Precio 0
Fecha de recibido 26/11/2019
Patrimonio UNQ PAT0083375
Número de inventario 59620
942 ## - ELEMENTOS DE PUNTO DE ACCESO ADICIONAL (KOHA)
Tipo de ítem Koha Libros
Existencias
Estado de retiro Estado de pérdida Ubicación permanente Ubicación actual Ubicación en estantería Fecha de ingreso Signatura topográfica completa Inventario Date last seen Tipo de ítem Koha Operador
    Biblioteca ESET - UNQ Biblioteca ESET - UNQ CIRCULACION 02/06/2025 862 CAM 59620 02/06/2025 Libros Gladys Alarcon

ESET UNQ

☏ 4365-7188
 Avenida República de Francia 1714 entre Doctor Kenny y Concordia, Ezpeleta, Bs As.
✉ secretaria_eset@unq.edu.ar

Con tecnología Koha